Clinical microbiology laboratory manual and workbook with colour plates (Record no. 393619)

MARC details
000 -LEADER
fixed length control field 00557 a2200193 4500
005 - DATE & TIME
control field 20251217113024.0
008 - FIXED-LENGTH DATA ELEMENTS--GENERAL INFORMATION
fixed length control field 251217b |||||||| |||| 00| 0 eng d
020 ## - ISBN
International Standard Book Number 9788123925196
Price Rs. 350.00
040 ## - CATALOGING SOURCE
Original cataloging agency VIVEKANANDA LIBRARY
082 ## - DDC NUMBER
Classification number 616.01
Book Number B231C
100 ## - MAIN ENTRY--PERSONAL NAME
Personal name Baral, Bani
245 ## - TITLE STATEMENT
Title Clinical microbiology laboratory manual and workbook with colour plates
260 ## - PUBLICATION, DISTRIBUTION, ETC. (IMPRINT)
Name of publisher, distributor, etc CBS Publishers and Distributors
Place of publication, distribution, etc New Delhi
Date of publication, distribution, etc 2016
300 ## - PHYSICAL DESCRIPTION
Pages 223
650 ## - Subject
Subject Clinical Microbiology
650 ## - Subject
Subject Laboratory Manual
700 ## - Added Entry Personal Name
Added Entry Personal Name Mandal, Anandita
942 ## - ADDED ENTRY ELEMENTS (KOHA)
Koha item type Books
Holdings
Withdrawn status Lost status Source of classification or shelving scheme Damaged status Not for loan Location (home branch) Sublocation or collection (holding branch) Shelving location Date acquired Koha issues (times borrowed) Koha full call number Accession No. Koha date last seen Koha item type
    Dewey Decimal Classification     VIVEKANANDA LIBRARY VIVEKANANDA LIBRARY Vivekananda Library 04/12/2025   616.01 B231C 443548 04/12/2025 Books
© Designed and Maintained by Vivekananda Library, MDU Rohtak